Tunnista eläin sen silmien perusteella II - Statistics

Yleistilastot
  • Tätä visaa on pelattu 148 kertaa
  • Keskiarvotulos 7 / 8
Vastaustilastot
Kuvavisa Vastaus % Oikein
pöllö
98%
seepra
97%
kettu
96%
susi
93%
hirvi
90%
krokotiili
89%
haukka
84%
majava
82%
Ehtoja vastaavia visoja ei löytynyt
Tulosjakauma
Jokaisen tuloksen saaneiden osuus
Persentiili vastausten määrän mukaan
Tuloshistoriasi
Et ole pelannut tätä visaa